Statistics for Anatomy of the Human Ear Map Quiz

Click here to take the quiz!

General Stats

  • This quiz has been taken 385 times
  • The average score is 6 of 9

Answers on the Map

Answers color-coded by a green-red scale on the quiz's map according to % correct below.
 

Answer Stats

Answer% Correct
Cochlea
83%
External Audiotory Canal
82%
Cochlear Nerve
70%
Tympanic Memberane
67%
Tympanic Cavity
62%
Round Window
61%
Stapes
60%
Malleus
55%
Incus
47%

Score Distribution

Percentile by Number Answered

Percent of People with Each Score

Your Score History

You have not taken this quiz